Nitra

Zobrazenie: Pohľad na chodník vedúci k hradnej bráne pod Nitrianskym hradom. Uprostred vidno vežu baziliky sv. Emeráma. Vľavo aj vpravo v popredí je pozdĺž chodníka drevený plot. Vľavo aj hore na zábere vidno konáre listnatého stromu. V pozadí je pred bránou na chodníku jedna osoba...

Full description

Bibliographic Details
Format: Postcard
Language:Slovak
Hungarian
PhysicalDescription:1 pohľadnica tónovaná do fialova 14 x 9 cm
Published: [Žilina?] Jaro 1920
Subjects:

MARC

LEADER 00000nkm a2200000 a 4500
001 vtls011887831
003 SK-MaSNL
005 20260512123659.0
007 kp ao
008 230706s1920 xo g kuslo
015 |a SNBG1920 
035 |a urn:nbn:sk:snk-km00ehiv 
035 |a urn:nbn:sk:snk-km45xy8 
035 |a 4750EE97-1415-4582-8982-3582D9260F8D 
040 |a SNK  |b slo  |c SNK  |e AACR2 
041 0 |a slo  |a hun 
043 |a e-xo--- 
044 |a xo  |c SK 
072 7 |a 913  |x Regionálna geografia  |2 konspekt 
080 |a 913(437.6)  |2 2011 
080 |a 728.81  |2 2011 
080 |a (084.121)  |2 2011 
080 |a 72  |2 2011 
080 |a 726:27-523.42  |2 2011 
245 0 0 |a Nitra  |h grafika 
246 3 1 |a Nyitra 
260 |a [Žilina?]  |b Jaro  |c 1920 
300 |a 1 pohľadnica  |b tónovaná do fialova  |c 14 x 9 cm 
500 |a Názvové údaje prevzaté z obrazovej časti pohľadnice 
520 8 |a Zobrazenie: Pohľad na chodník vedúci k hradnej bráne pod Nitrianskym hradom. Uprostred vidno vežu baziliky sv. Emeráma. Vľavo aj vpravo v popredí je pozdĺž chodníka drevený plot. Vľavo aj hore na zábere vidno konáre listnatého stromu. V pozadí je pred bránou na chodníku jedna osoba 
546 |a Súbežný názov v maď. 
610 2 7 |a Nitriansky hrad  |2 SNKKA  |9 165089 
610 2 7 |a Bazilika sv. Emeráma (Nitra, Slovensko)  |2 SNKKA  |9 153204 
650 0 7 |a hrady  |2 SNKPH  |9 3039 
650 0 7 |a brány  |2 SNKPH  |9 30308 
650 0 7 |a baziliky  |2 SNKPH  |9 54566 
651 7 |a Nitra (Slovensko)  |2 SNKPHgeo  |9 15714 
655 7 |a miestne pohľadnice  |2 SNKPH  |9 70510 
852 |a Slovenská národná knižnica 
958 |a GC 
958 |a ONDV 
958 |a GBN 
999 |c 776739  |d 778669 
952 |a SNK  |b SNK  |y PREZ  |7 0  |p 17A1382016  |o snkSP 133759  |z Pohľadnica prešla poštou.  |0 0  |1 0  |4 0  |d 2019-09-18  |f 1  |l 0  |r 2026-02-24 00:52:36  |w 2026-02-24